| 000 | 00426nam a2200133Ia 4500 | ||
|---|---|---|---|
| 008 | 170221s9999 xx 000 0 und d | ||
| 100 | _aTseganesh Mulugeta | ||
| 245 | _aMedia Coverage of Child Abuse and Child Protection in Ethiopia | ||
| 245 | _cTseganesh Mulugeta | ||
| 260 | _bOnline Journal of Communication and Media Technologies | ||
| 650 | _xCommunication | ||
| 650 | _xMedia Arts | ||
| 856 | _uhttp://www.ojcmt.net/ | ||
| 999 |
_c312880 _d312880 |
||